| 000 | 00745nam a22002057a 4500 | ||
|---|---|---|---|
| 999 |
_c2260 _d2260 |
||
| 003 | AR-CdUCM | ||
| 008 | 190304b ||||| |||| 00| 0 esp d | ||
| 020 | _aISBN | ||
| 040 |
_aMUNICIPALIDAD PROVINCIAL DEL CUSCO _cBIBLIOTECA MUNICIPAL DEL CUSCO |
||
| 082 |
_a869.009 / _bSA22 |
||
| 100 |
_aSánchez, Luis Alberto _9401 |
||
| 245 | _aEscritores representativos de América / | ||
| 260 |
_aMadrid : _bGredos, _c1957. |
||
| 300 |
_a317 paginas ; _c20 cm. |
||
| 505 | _aAlonso de Ercilla y Zuñiga -- Juan Ruiz de Alarcón y Mendoza -- Don Pedro de Peralta -- Rafael Landívar -- Juan Montalvo -- Ricardo Palma ... | ||
| 650 |
_aLiteratura latinoamericana _91143 |
||
| 650 |
_aLiteratos _9754 |
||
| 942 |
_2ddc _cLIBROS |
||
| 945 |
_aacrt _d2019-03-04 |
||